TX2 Songs - Statistics

General Stats
  • This quiz has been taken 231 times
  • The average score is 8 of 15
Answer Stats
Hint Answer % Correct
I drove a stake right through her, I've tasted all her lies Vampire By Rumor
93%
'Cause there's no such thing as hell, but if there was, you'd be the first to Burn
73%
Lost my job and then my hope, I fucking hate December Walking Dead Man
65%
Shovel in my right hand, Im digging you a grave, that you I thought I knew, is getting buried at the stake Drop Dead
63%
One blink, two pink, lines still on the pink, she cries cause our lives will never be the same 2 Pills
60%
He raised his voice at her and she screamed, "it's not by choice you don't love me" Black Wedding
60%
Your patience paid off, you're home but you're lost 6 Seconds Left
57%
Put a bullet in a kids head, think they've got a sickness if they're not dressed up straight. Randy McNally
57%
It's funny how you said that you don't think I trust you, well honey you're dead wrong if you don't think I love you Trust No One
55%
Sorry, I didn't mean to interrupt but I just had some sex on a cross with a nun and I fucked every gender that's under the sun. Loaded Guns
51%
Am I out of place, in a ballroom of strangers, with nothing to say Am I A Ghost
48%
Am I a sinner or a rockstar you tell me, I just wanna feel in bloom Sex Sells
44%
But that shit's a flip of the coin, I'm burnin' in eternal hell, I wish that I was someone else A Choice
39%
There goes another casualty, a ghost turned to a memory Step Over A Body
36%
I'm the hottest bitch in this town, too bad you couldn't relate, so you stay in your bed to waste and put dirt on my name Say You're Insecure
25%
No matching quizzes found
Score Distribution
Percent of People with Each Score
Percentile by Number Answered
Your Score History
You have not taken this quiz